Deuda exterma y desarrollo económico: (un balance histórico) /
Guardado en:
| Autor principal: | |
|---|---|
| Formato: | Texto |
| Materias: | |
| Etiquetas: |
Agregar Etiqueta
Sin Etiquetas, Sea el primero en etiquetar este registro!
|
MARC
| LEADER | 00000 a a2200000 04500 | ||
|---|---|---|---|
| 001 | 45895 | ||
| 003 | |||
| 040 | |||
| 100 | |a Girón, Alicia | ||
| 245 | |a Deuda exterma y desarrollo económico: |b (un balance histórico) / |c Alicia Girón | ||
| 650 | |a ECONOMIA | ||
| 650 | |a DEUDA EXTERNA | ||
| 773 | |g número70 (1993), páginas 53-59 | ||
| 999 | |c 30687 |d 30687 | ||
